Detalles MARC
| 000 -LEADER |
| campo de control de longitud fija |
02702cam a2200541Mc 4500 |
| 003 - IDENTIFICADOR DE NÚMERO DE CONTROL |
| campo de control |
PE-LiUPU |
| 005 - FECHA Y HORA DE LA ÚLTIMA TRANSACCIÓN |
| campo de control |
20250731183340.0 |
| 008 - DATOS DE LONGITUD FIJA--INFORMACIÓN GENERAL |
| campo de control de longitud fija |
150521s2015 sp a r 000 0 spa d |
| 020 ## - NÚMERO INTERNACIONAL ESTÁNDAR DEL LIBRO |
| Número Internacional Estándar del Libro |
8416142130 |
| 020 ## - NÚMERO INTERNACIONAL ESTÁNDAR DEL LIBRO |
| Número Internacional Estándar del Libro |
9788416142132 |
| 035 ## - NÚMERO DE CONTROL DEL SISTEMA |
| Número de control de sistema |
(Sirsi) i9788416142132 |
| 040 ## - FUENTE DE CATALOGACIÓN |
| Centro catalogador/agencia de origen |
BNM |
| Lengua de catalogación |
spa |
| Normas de descripción |
rda |
| Centro/agencia transcriptor |
BNM |
| Centro/agencia modificador |
ESALI |
| -- |
PE-LiUPU |
| 041 1# - CÓDIGO DE IDIOMA |
| Código de lengua del texto/banda sonora o título independiente |
spa |
| Código de lengua original |
eng |
| 049 ## - FONDOS LOCALES (OCLC) |
| Biblioteca depositaria |
PRUA |
| 080 ## - NÚMERO DE LA CLASIFICACIÓN DECIMAL UNIVERSAL |
| Número de la Clasificación Decimal Universal |
316.74:72.036(8=134) |
| 080 ## - NÚMERO DE LA CLASIFICACIÓN DECIMAL UNIVERSAL |
| Número de la Clasificación Decimal Universal |
911.375(8=134) |
| 082 04 - NÚMERO DE LA CLASIFICACIÓN DECIMAL DEWEY |
| Número de clasificación |
720.98 |
| Cutter |
M33 |
| Número de edición |
22 |
| 100 1# - ENTRADA PRINCIPAL--NOMBRE DE PERSONA |
| Nombre de persona |
McGuirk, Justin, |
| Término indicativo de función/relación |
autor. |
| 245 10 - MENCIÓN DEL TÍTULO |
| Título |
Ciudades radicales : |
| Resto del título |
un viaje a la nueva arquitectura latinoamericana / |
| Mención de responsabilidad, etc. |
Justin McGuirk ; traducción de Eva Cruz. |
| 250 ## - MENCION DE EDICION |
| Mención de edición |
Primera edición. |
| 264 #1 - PRODUCCIÓN, PUBLICACIÓN, DISTRIBUCIÓN, FABRICACIÓN Y COPYRIGHT |
| Producción, publicación, distribución, fabricación y copyright |
Madrid : |
| Nombre del de productor, editor, distribuidor, fabricante |
Turner, |
| Fecha de producción, publicación, distribución, fabricación o copyright |
2015. |
| 300 ## - DESCRIPCIÓN FÍSICA |
| Extensión |
286 páginas : |
| Otras características físicas |
ilustraciones ; |
| Dimensiones |
22 centímetros |
| 336 ## - TIPO DE CONTENIDO |
| Término de tipo de contenido |
text |
| Fuente |
rdacontent |
| 337 ## - TIPO DE MEDIO |
| Nombre/término del tipo de medio |
unmediated |
| Fuente |
rdamedia |
| 338 ## - TIPO DE SOPORTE |
| Nombre/término del tipo de soporte |
volume |
| Fuente |
rdacarrier |
| 490 0# - MENCIÓN DE SERIE |
| Mención de serie |
Colección Noema |
| 505 0# - NOTA DE CONTENIDO CON FORMATO |
| Nota de contenido con formato |
De Buenos Aires a San Salvador de Juluy. Dictadores y revolucionarios -- De Lima a Santiago de Chile. Una plataforma para el cambio -- Río de Janeiro. La favela es la ciudad -- Caracas. La ciudad es política congelada -- Torre de David. Una utopía pirata -- Bogotá. La ciudad como escuela -- Medellín. Urbanismo social -- Tijuana. En el ecuador político. |
| 526 ## - NOTA DE INFORMACIÓN SOBRE EL PROGRAMA DE ESTUDIO |
| Nombre del programa |
Maestría Bim Facility Management (A distancia) |
| 526 ## - NOTA DE INFORMACIÓN SOBRE EL PROGRAMA DE ESTUDIO |
| Nombre del programa |
|
| 526 ## - NOTA DE INFORMACIÓN SOBRE EL PROGRAMA DE ESTUDIO |
| Nombre del programa |
Educación musical y artes |
| 526 ## - NOTA DE INFORMACIÓN SOBRE EL PROGRAMA DE ESTUDIO |
| Nombre del programa |
Educación, especialidad educación física |
| 526 ## - NOTA DE INFORMACIÓN SOBRE EL PROGRAMA DE ESTUDIO |
| Nombre del programa |
Arquitectura |
| 534 ## - NOTA SOBRE LA VERSIÓN ORIGINAL |
| Frase introductoria |
Título original : |
| Mención de título del original |
Radical cities. Across Latin America in search of a new architecture. |
| 541 ## - NOTA DE FUENTE DE ADQUISICIÓN DIRECTA |
| -- |
003-001041; |
| 541 ## - NOTA DE FUENTE DE ADQUISICIÓN DIRECTA |
| -- |
003-001194; |
| 596 ## - |
| -- |
1 |
| 650 #4 - PUNTO DE ACCESO ADICIONAL DE MATERIA--TÉRMINO DE MATERIA |
| Término de materia o nombre geográfico como elemento de entrada |
Ciudades |
| Subdivisión general |
Crecimiento. |
| 650 #4 - PUNTO DE ACCESO ADICIONAL DE MATERIA--TÉRMINO DE MATERIA |
| Término de materia o nombre geográfico como elemento de entrada |
Ciudades |
| Subdivisión geográfica |
América Latina. |
| 650 #7 - PUNTO DE ACCESO ADICIONAL DE MATERIA--TÉRMINO DE MATERIA |
| Término de materia o nombre geográfico como elemento de entrada |
Arquitectura y sociedad |
| Subdivisión geográfica |
América Latina. |
| Fuente del encabezamiento o término |
embne |
| 650 #7 - PUNTO DE ACCESO ADICIONAL DE MATERIA--TÉRMINO DE MATERIA |
| Término de materia o nombre geográfico como elemento de entrada |
Desarrollo urbano |
| Subdivisión geográfica |
América Latina. |
| Fuente del encabezamiento o término |
embne |
| 910 ## - DATOS DE OPCIÓN DEL USUARIO (OCLC) |
| Datos de opción del usuario |
jck |
| -- |
|
| -- |
aqs |
| -- |
20150112 |
| 942 ## - ELEMENTOS DE ENTRADA SECUNDARIOS (KOHA) |
| Fuente del sistema de clasificación o colocación |
Clasificación Decimal Dewey |
| Tipo de ítem Koha |
|
| 949 ## - PROCESAMIENTO DE INFORMACIÓN LOCAL (OCLC) |
| a |
720.98 M33 |
| w |
DEWEY |
| c |
1 |
| i |
72380 |
| d |
2016-9-4 |
| e |
2016-9-1 |
| l |
CCODEBUL1 |
| m |
BUL |
| n |
7 |
| p |
24.49 |
| r |
0 |
| s |
Y |
| t |
BOOK |
| u |
2016-1-11 |
| x |
INGENIERIA |
| -- |
P06 |
| 0 |
COMPRA |
| o |
.STAFF. Colección General |
| 949 ## - PROCESAMIENTO DE INFORMACIÓN LOCAL (OCLC) |
| a |
720.98 M33 |
| w |
DEWEY |
| c |
2 |
| i |
73733 |
| d |
2016-9-19 |
| e |
2016-9-18 |
| m |
BUL |
| n |
5 |
| p |
21.32 |
| r |
0 |
| s |
Y |
| t |
BOOK |
| u |
2016-6-20 |
| x |
INGENIERIA |
| -- |
P06 |
| 0 |
COMPRA |
| o |
.STAFF. ColecciónGeneral |
| 994 ## - |
| -- |
C0 |
| -- |
PEPRU |
| 999 ## - NÚMEROS DE CONTROL DE SISTEMA (KOHA) |
| -- |
DEWEY |
| -- |
72380 |
| -- |
2019-11-3 |
| -- |
2021-11-9 |
| -- |
6 |
| -- |
CCODEBUL1 |
| -- |
BUL |
| -- |
9 |
| -- |
24.49 |
| -- |
1 |
| -- |
0 |
| -- |
Y |
| -- |
BOOK |
| -- |
2016-1-11 |
| -- |
INGENIERIA |
| -- |
P06 |
| -- |
COMPRA |
| -- |
.STAFF. Colección General |
| 999 ## - NÚMEROS DE CONTROL DE SISTEMA (KOHA) |
| -- |
DEWEY |
| -- |
73733 |
| -- |
2016-9-18 |
| -- |
2021-11-9 |
| -- |
6 |
| -- |
CCODEBUL1 |
| -- |
BUL |
| -- |
5 |
| -- |
21.32 |
| -- |
0 |
| -- |
Y |
| -- |
BOOK |
| -- |
2016-6-20 |
| -- |
INGENIERIA |
| -- |
P06 |
| -- |
COMPRA |
| -- |
.STAFF. ColecciónGeneral |
| 980 ## - EQUIVALENCIA O REFERENCIA-CRUZADA-MENCIÓN DE SERIE--NOMBRE DE PERSONA/TÍTULO [LOCAL, CANADÁ] |
| ID del último usuario que modificó el registro |
1 |
| Nombre del último usuario que modificó el registro |
ALBERTO SANCHEZ Responsable de Automatización |